|
|
|
แสดงรายละเอียดบรรณานุกรม |
|
|
Brief Record
: Get Marc (ISO 2709)
: E-mail record
: |
| LEADER : 00000nam 2200000uu 4500 | |||
| 001 13399129197 | |||
| 003 ULIB | |||
| 008 260511s2568||||th 000 0 tha d | |||
| 020 ^^ ^a9786164439825 | |||
| 060 ^^ ^aWY106^bอ634ป | |||
| 100 ^^ ^aอาภาพร เผ่าวัฒนา | |||
| 245 ^^ ^aประเด็นร่วมสมัยในการพยาบาลชุมชนขั้นสูง =^lContemporary issues in advanced community health nursing /^cอาภาพร เผ่าวัฒนา, สุนีย์ ละกำปั่น, สุรินธร กลัมพากร, บรรณาธิการ | |||
| 250 ^^ ^aพิมพ์ครั้งที่ 1 | |||
| 260 ^^ ^aนครปฐม :^bสำนักพิมพ์มหาวิทยาลัยมหิดล, ^c2568 | |||
| 300 ^^ ^ax, 372 หน้า :^bภาพประกอบ ;^c24 ซม. | |||
| 505 ^^ ^aสารบัญ: การบริการสุขภาพชุมชนโดยยึดประชาชนเป็นฐาน - - การบริการสุขภาพชุมชนในยุคของการเปลี่ยนแปลง - - ประเด็นร่วมสมัยในการจัดบริการสุขภาพชุมชน | |||
| 590 ^^ ^aอาภาพร เผ่าวัฒนา, สุนีย์ ละกำปั่น, และสุรินธร กลัมพากร (บรรณาธิการ). (2568). ^bประเด็นร่วมสมัยในการพยาบาลชุมชนขั้นสูง. ^dสำนักพิมพ์มหาวิทยาลัยมหิดล. | |||
| 591 ^^ ^aอาภาพร เผ่าวัฒนา, สุนีย์ ละกำปั่น, สุรินธร กลัมพากร, บรรณาธิการ. ประเด็นร่วมสมัยในการพยาบาลชุมชนขั้นสูง. นครปฐม: สำนักพิมพ์มหาวิทยาลัยมหิดล; 2568. | |||
| 650 ^^ ^aอนามัยชุมชน ^xการพยาบาล | |||
| 690 ^^ ^aสาขาวิชาการพยาบาลอนามัยชุมชนและการรักษาพยาบาลเบื้องต้น | |||
| 700 ^^ ^aสุนีย์ ละกำปั่น | |||
| 700 ^^ ^aสุรินธร กลัมพากร | |||
| 999 ^aประนอม เกษจรัล | |||
| คุณยังไม่ได้ล็อกอิน คุณสามารถมีกิจกรรมร่วมกับเว็บไซต์ได้ แต่ต้องล็อกอินก่อน :: |
|
รายการสื่อสารสนเทศ |
| สถานะ | |||||
| 1. | หนังสือสำรอง สถานะ=หนังสือสำรอง | WY106 อ634ป ฉ.1 Barcode: 012107 | ►หนังสือทั่วไป | บนชั้น *เพิ่งรับคืน | |
| 2. | Book การพยาบาล | WY106 อ634ป ฉ.2 Barcode: 012108 | ►หนังสือทั่วไป | บนชั้น *เพิ่งรับคืน | |
| 3. | Book การพยาบาล | WY106 อ634ป ฉ.3 Barcode: 012120 | ►หนังสือทั่วไป | บนชั้น *เพิ่งรับคืน | |
| 4. | Book การพยาบาล | WY106 อ634ป ฉ.4 Barcode: 012121 | ►หนังสือทั่วไป | บนชั้น *เพิ่งรับคืน | |
| 5. | Book การพยาบาล | WY106 อ634ป ฉ.5 Barcode: 012122 | ►หนังสือทั่วไป | บนชั้น *เพิ่งรับคืน | |
BibComment |
| คอมเมนท์ทรัพยากรรายการนี้ |
|
| |
Copyright 2026. Bcnsprnw @Library |
|